000 01033nam a2200253 i 4500
001 141334
003 ES-MaACL
005 20230906200255.0
007 t|
008 070921s1962 sp ||||1| spa d
080 _a34(46)(078)
080 _a336(46)(078)
100 1 _aVillar y Romero, José María.
_9115107
245 1 0 _aSecretarios de segunda categoría de administración local
_b: respuestas a los 119 temas del programa publicado en el Boletín Oficial del Estado del día 14 de Octubre de 1961 /
_cpor José María Villar y Romero..., José Nicolás Carmona..., Carmelo Martínez Peñalver.
260 _aMadrid :
_bInstituto Edit. Reus,
_c1962.
300 _a256 p. ;
_c24 cm.
490 1 _aContestaciones Reus
650 1 4 _aAdministración local-
_zEspaña-
_vContestaciones para oposiciones.
_99634
700 1 _aCarmona, José Nicolás.
_935342
700 1 _aMartínez Peñalver, Carmelo.
_978321
830 0 _aContestaciones Reus
_9181923
852 _aES-MaACL
_jC-22531
_bR.50393
999 _c141334
_d141334